Supply Chain Analytics (Record no. 1688513)

MARC details
000 -LEADER
fixed length control field 00603nam a22001937a 4500
003 - CONTROL NUMBER IDENTIFIER
control field OSt
005 - DATE AND TIME OF LATEST TRANSACTION
control field 20260306143235.0
008 - FIXED-LENGTH DATA ELEMENTS--GENERAL INFORMATION
fixed length control field 260306b |||||||| |||| 00| 0 eng d
020 ## - INTERNATIONAL STANDARD BOOK NUMBER
International Standard Book Number 9781032761305
040 ## - CATALOGING SOURCE
Original cataloging agency FMS
Transcribing agency FMS
100 ## - MAIN ENTRY--PERSONAL NAME
Personal name Robertson, Peter W
Relator term Author
9 (RLIN) 1123675
245 ## - TITLE STATEMENT
Title Supply Chain Analytics
Remainder of title :Using Data to Optimise Supply Chain Processes
250 ## - EDITION STATEMENT
Edition statement 2nd ed.
260 ## - PUBLICATION, DISTRIBUTION, ETC.
Place of publication, distribution, etc. London and New York:
Name of publisher, distributor, etc. Routledge Taylor & Francis Group,
Date of publication, distribution, etc. 2026.
300 ## - PHYSICAL DESCRIPTION
Extent xi,328p.
650 ## - SUBJECT ADDED ENTRY--TOPICAL TERM
Topical term or geographic name entry element Marketing
700 ## - ADDED ENTRY--PERSONAL NAME
Personal name Peter W. Robertson
Relator term Author
9 (RLIN) 1123676
942 ## - ADDED ENTRY ELEMENTS (KOHA)
Source of classification or shelving scheme Colon Classification (CC)
Koha item type Textbook
Edition 2nd ed.
Classification part X:73
Suppress in OPAC No
Holdings
Withdrawn status Lost status Source of classification or shelving scheme Damaged status Not for loan Home library Current library Shelving location Date acquired Total Checkouts Full call number Barcode Date last seen Price effective from Koha item type
    Colon Classification (CC)     Faculty of Management Library Faculty of Management Library General Stacks 2026-03-06   X:73 ML1636083 2026-03-06 2026-03-06 Textbook
Copyright @ Delhi University Library System